Best Picture Oscar Nominees (Updated!) - Statistics

General Stats
  • This quiz has been taken 2,881 times
    1,273 since last reset
  • The average score is 304 of 621
Answer Stats
Hint % Correct
2023 Oppenheimer
93%
1955 Marty
90%
1972 The Godfather
88%
2024 Anora
87%
2016 Moonlight
87%
2019 Parasite
87%
2025 Sinners
87%
2016 La La Land
86%
2025 One Battle After Another
86%
2022 Everything Everywhere All at Once
85%
1974 The Godfather Part II
85%
2023 Barbie
84%
2009 Avatar
83%
2001 The Lord of the Rings: The Fellowship of the Ring
83%
1997 Titanic
83%
2000 Gladiator
82%
2018 Green Book
82%
1991 The Silence of the Lambs
82%
1994 Forrest Gump
81%
2025 Marty Supreme
81%
2020 Nomadland
81%
1969 Z
81%
2014 Birdman or (The Unexpected Virtue of Ignorance)
80%
1939 Gone with the Wind
80%
2013 12 Years a Slave
79%
1999 American Beauty
79%
2025 Hamnet
79%
2007 No Country for Old Men
79%
1998 Saving Private Ryan
79%
1993 Schindler's List
79%
2010 The King's Speech
79%
2017 The Shape of Water
79%
2012 Argo
78%
2002 Chicago
78%
2021 Dune
78%
2025 F1
78%
1977 Star Wars
78%
2006 The Departed
78%
2007 There Will Be Blood
78%
2025 Bugonia
77%
2021 CODA
77%
2019 Once Upon a Time in Hollywood
77%
1994 Pulp Fiction
77%
2015 Spotlight
77%
2001 A Beautiful Mind
76%
1930 | 2022 All Quiet on the Western Front
76%
1943 Casablanca
76%
2005 Crash
76%
2025 Frankenstein
76%
1990 Goodfellas
76%
2004 Million Dollar Baby
76%
2023 Poor Things
76%
2008 Slumdog Millionaire
76%
2011 The Artist
76%
1961 | 2021 West Side Story
76%
1975 Jaws
75%
2009 The Hurt Locker
75%
2013 The Wolf of Wall Street
75%
2009 Up
75%
2018 Black Panther
74%
1982 E.T. the Extra-Terrestrial
74%
2010 Inception
74%
1979 Kramer vs. Kramer
74%
1975 One Flew Over the Cuckoo's Nest
74%
1976 Rocky
74%
2018 Roma
74%
2024 The Brutalist
74%
2019 1917
73%
2005 Brokeback Mountain
73%
2017 Dunkirk
73%
1996 Fargo
73%
2009 Inglourious Basterds
73%
2025 Sentimental Value
73%
2002 The Pianist
73%
2012 Django Unchained
72%
2019 Joker
72%
1933 | 2019 Little Women
72%
1976 Taxi Driver
72%
2015 The Revenant
72%
1977 Annie Hall
71%
1990 Dances with Wolves
71%
2023 Killers of the Flower Moon
71%
2012 Lincoln
71%
1986 Platoon
71%
1980 Raging Bull
71%
1998 Shakespeare in Love
71%
2003 The Lord of the Rings: The Return of the King
71%
2002 The Lord of the Rings: The Two Towers
71%
1994 The Shawshank Redemption
71%
1965 The Sound of Music
71%
1989 Driving Miss Daisy
70%
2024 Dune: Part Two
70%
1948 Hamlet
70%
1990 The Godfather Part III
70%
2024 Wicked
70%
2018 Bohemian Rhapsody
69%
1995 Braveheart
69%
2024 Emilia Pérez
69%
1997 Good Will Hunting
69%
2018 The Favourite
69%
2019 The Irishman
69%
2010 The Social Network
69%
2017 Three Billboards Outside Ebbing, Missouri
69%
2025 Train Dreams
69%
1992 Unforgiven
69%
1928 Wings
69%
1982 Gandhi
68%
1988 Rain Man
68%
2025 The Secret Agent
68%
2024 A Complete Unknown
67%
1979 Apocalypse Now
67%
1937 | 2018 A Star Is Born
67%
1959 Ben-Hur
67%
2017 Get Out
67%
1962 Lawrence of Arabia
67%
2016 Lion
67%
1985 Out of Africa
67%
1978 The Deer Hunter
67%
2024 The Substance
67%
1984 Amadeus
66%
2013 Gravity
66%
1976 Network
66%
2004 The Aviator
66%
1996 The English Patient
66%
1957 12 Angry Men
65%
1950 All About Eve
65%
1991 Beauty and the Beast
65%
2017 Call Me by Your Name
65%
2022 Elvis
65%
1970 Patton
65%
1940 Rebecca
65%
2012 Silver Linings Playbook
65%
1960 The Apartment
65%
2009 The Blind Side
65%
1957 The Bridge on the River Kwai
65%
2020 The Father
65%
2014 The Grand Budapest Hotel
65%
1939 The Wizard of Oz
65%
2010 Toy Story 3
65%
2023 Anatomy of a Fall
64%
2018 BlacKkKlansman
64%
1941 Citizen Kane
64%
2024 Conclave
64%
2013 Dallas Buyers Club
64%
2002 Gangs of New York
64%
2017 Lady Bird
64%
2016 Manchester by the Sea
64%
1969 Midnight Cowboy
64%
2008 Milk
64%
2015 Room
64%
1971 The French Connection
64%
2013 American Hustle
63%
2016 Arrival
63%
2022 Avatar: The Way of Water
63%
2010 Black Swan
63%
2013 Her
63%
1964 My Fair Lady
63%
1954 On the Waterfront
63%
2023 The Holdovers
63%
1973 The Sting
63%
2014 The Theory of Everything
63%
2022 Top Gun: Maverick
63%
2014 Whiplash
63%
2000 Erin Brockovich
62%
2019 Marriage Story
62%
1968 Oliver!
62%
2022 The Fabelmans
62%
1999 The Green Mile
62%
2012 Zero Dark Thirty
62%
2023 American Fiction
61%
2014 American Sniper
61%
1974 Chinatown
61%
1934 It Happened One Night
61%
1946 It's a Wonderful Life
61%
2019 Jojo Rabbit
61%
1935 | 2012 Les Misérables
61%
2021 Licorice Pizza
61%
1998 Life Is Beautiful
61%
2020 Minari
61%
2011 Moneyball
61%
2001 Moulin Rouge!
61%
1952 Moulin Rouge
61%
2017 Phantom Thread
61%
2022 Tár
61%
2022 The Banshees of Inisherin
61%
2011 The Help
61%
2006 The Queen
61%
2008 The Reader
61%
2005 Capote
60%
2016 Hacksaw Ridge
60%
1967 In the Heat of the Night
60%
1991 JFK
60%
2021 King Richard
60%
1964 Mary Poppins
60%
2008 The Curious Case of Benjamin Button
60%
1976 All the President's Men
59%
1951 An American in Paris
59%
1951 A Streetcar Named Desire
59%
1995 Babe
59%
1975 Barry Lyndon
59%
1972 Cabaret
59%
2017 Darkest Hour
59%
1958 Gigi
59%
2012 Life of Pi
59%
2003 Lost in Translation
59%
2003 Mystic River
59%
2004 Ray
59%
1983 Terms of Endearment
59%
1987 The Last Emperor
59%
1993 The Piano
59%
2017 The Post
59%
2010 True Grit
59%
1981 Chariots of Fire
58%
1964 Dr. Strangelove or: How I Learned to Stop Worrying and Love the Bomb
58%
2016 Hidden Figures
58%
1941 How Green Was My Valley
58%
2024 I'm Still Here
58%
2006 Little Miss Sunshine
58%
2023 Maestro
58%
2011 Midnight in Paris
58%
1962 To Kill a Mockingbird
58%
1971 A Clockwork Orange
57%
2021 Don't Look Up
57%
2016 Fences
57%
2007 Juno
57%
1980 Ordinary People
57%
1936 | 1968 Romeo and Juliet
57%
2015 The Martian
57%
2021 The Power of the Dog
57%
2023 The Zone of Interest
57%
2000 Traffic
57%
1949 All the King's Men
56%
2015 Bridge of Spies
56%
2013 Captain Phillips
56%
1934 | 1963 Cleopatra
56%
1989 Dead Poets Society
56%
1975 Dog Day Afternoon
56%
2019 Ford v Ferrari
56%
2008 Frost/Nixon
56%
1935 | 1962 Mutiny on the Bounty
56%
1981 Reds
56%
2010 The Fighter
56%
1967 The Graduate
56%
1999 The Sixth Sense
56%
1997 As Good as It Gets
55%
2006 Babel
55%
2014 Boyhood
55%
2021 Drive My Car
55%
2015 Mad Max: Fury Road
55%
1989 My Left Foot
55%
1950 Sunset Boulevard
55%
1973 The Exorcist
55%
2014 The Imitation Game
55%
1940 The Letter
55%
2009 Up in the Air
55%
2018 Vice
55%
1992 A Few Good Men
54%
2012 Amour
54%
2007 Atonement
54%
1989 Born on the Fourth of July
54%
2000 Crouching Tiger, Hidden Dragon
54%
1996 Jerry Maguire
54%
1987 Moonstruck
54%
2005 Munich
54%
2013 Nebraska
54%
2024 Nickel Boys
54%
2020 Promising Young Woman
54%
1981 Raiders of the Lost Ark
54%
2014 Selma
54%
1946 The Best Years of Our Lives
54%
2015 The Big Short
54%
1985 The Color Purple
54%
2002 The Hours
54%
1998 The Thin Red Line
54%
2011 War Horse
54%
1953 From Here to Eternity
53%
1990 Ghost
53%
1932 Grand Hotel
53%
2007 Michael Clayton
53%
2009 Precious: Based on the Novel "Push" by Sapphire
53%
1992 Scent of a Woman
53%
1956 Around the World in 80 Days
52%
1969 Butch Cassidy and the Sundance Kid
52%
2000 Chocolat
52%
1965 Doctor Zhivago
52%
1998 Elizabeth
52%
1967 Guess Who's Coming to Dinner
52%
1952 High Noon
52%
1997 L.A. Confidential
52%
2006 Letters from Iwo Jima
52%
1981 On Golden Pond
52%
2023 Past Lives
52%
1953 Roman Holiday
52%
1929 The Broadway Melody
52%
2011 The Tree of Life
52%
1966 Who's Afraid of Virginia Woolf?
52%
2022 Women Talking
52%
1966 A Man for All Seasons
51%
2011 Hugo
51%
2020 Judas and the Black Messiah
51%
2020 Mank
51%
1942 Mrs. Miniver
51%
2020 Sound of Metal
51%
1974 The Conversation
51%
2011 The Descendants
51%
2021 Belfast
50%
1967 Bonnie and Clyde
50%
1933 Cavalcade
50%
1931 Cimarron
50%
2005 Good Night, and Good Luck
50%
2004 Sideways
50%
1980 The Elephant Man
50%
1952 The Greatest Show on Earth
50%
1937 The Life of Emile Zola
50%
1940 The Philadelphia Story
50%
2020 The Trial of the Chicago 7
50%
1973 American Graffiti
49%
1995 Apollo 13
49%
1968 Funny Girl
49%
1944 Going My Way
49%
1986 Hannah and Her Sisters
49%
2016 Hell or High Water
49%
1975 Nashville
49%
1945 The Lost Weekend
49%
2022 Triangle of Sadness
49%
2015 Brooklyn
48%
2021 Nightmare Alley
48%
2003 Seabiscuit
48%
1963 Tom Jones
48%
1985 Witness
48%
2010 127 Hours
47%
2009 A Serious Man
47%
1947 Gentleman's Agreement
47%
1992 Howards End
47%
1970 M*A*S*H
47%
1939 Mr. Smith Goes to Washington
47%
1995 Sense and Sensibility
47%
1999 The Cider House Rules
47%
1936 The Great Ziegfeld
47%
1956 The Ten Commandments
47%
1982 Tootsie
47%
2010 Winter's Bone
47%
1979 All That Jazz
46%
1994 Four Weddings and a Funeral
46%
2001 Gosford Park
46%
2003 Master and Commander: The Far Side of the World
46%
1996 Shine
46%
1993 The Remains of the Day
46%
1958 Cat on a Hot Tin Roof
45%
1994 Quiz Show
45%
1993 The Fugitive
45%
1940 The Grapes of Wrath
45%
1938 You Can't Take It with You
45%
1971 Fiddler on the Roof
44%
1989 Field of Dreams
44%
1956 Giant
44%
1961 Judgment at Nuremberg
44%
2013 Philomena
44%
1999 The Insider
44%
2010 The Kids Are All Right
44%
1941 The Maltese Falcon
44%
1986 A Room with a View
43%
1990 Awakenings
43%
1978 Coming Home
43%
2011 Extremely Loud & Incredibly Close
43%
2001 In the Bedroom
43%
1993 In the Name of the Father
43%
1959 Anatomy of a Murder
42%
2012 Beasts of the Southern Wild
42%
1944 Double Indemnity
42%
2004 Finding Neverland
42%
1944 Gaslight
42%
1977 Julia
42%
1988 Mississippi Burning
42%
1979 Norma Rae
42%
1984 The Killing Fields
42%
1956 The King and I
42%
1971 The Last Picture Show
42%
1968 The Lion in Winter
42%
1939 Wuthering Heights
42%
2009 An Education
41%
1991 Bugsy
41%
1980 Coal Miner's Daughter
41%
1972 Deliverance
41%
1985 Kiss of the Spider Woman
41%
1963 Lilies of the Field
41%
1970 Love Story
41%
1945 Mildred Pierce
41%
1940 The Great Dictator
41%
1961 The Hustler
41%
1987 Fatal Attraction
40%
1946 Henry V
40%
1947 Miracle on 34th Street
40%
1939 Stagecoach
40%
1995 The Postman (Il Postino)
40%
1970 Airport
39%
1984 A Passage to India
39%
1987 Broadcast News
39%
1943 | 1978 Heaven Can Wait
39%
1969 Hello, Dolly!
39%
1963 How the West Was Won
39%
1938 Jezebel
39%
1974 Lenny
39%
1953 Shane
39%
1997 The Full Monty
39%
1948 The Treasure of the Sierra Madre
39%
1982 The Verdict
39%
1988 Working Girl
39%
1988 Dangerous Liaisons
38%
1970 Five Easy Pieces
38%
1974 The Towering Inferno
38%
1957 Witness for the Prosecution
38%
1964 Zorba the Greek
38%
2009 District 9
37%
1967 Doctor Dolittle
37%
1983 Tender Mercies
37%
1992 The Crying Game
37%
1991 The Prince of Tides
37%
1948 The Red Shoes
37%
1986 Children of a Lesser God
36%
1961 Fanny
36%
1945 Spellbound
36%
1977 The Goodbye Girl
36%
1943 For Whom the Bell Tolls
35%
1947 Great Expectations
35%
1953 Julius Caesar
35%
1957 Sayonara
35%
1996 Secrets & Lies
35%
1945 The Bells of St. Mary's
35%
1966 The Russians Are Coming, the Russians Are Coming
35%
1966 Alfie
34%
1951 A Place in the Sun
34%
1960 Elmer Gantry
34%
1982 Missing
34%
1971 Nicholas and Alexandra
34%
1939 Of Mice and Men
34%
1941 Suspicion
34%
1980 Tess
34%
1954 The Caine Mutiny
34%
1986 The Mission
34%
1962 The Music Man
34%
1942 Yankee Doodle Dandy
34%
1979 Breaking Away
33%
1985 Prizzi's Honor
33%
1968 Rachel, Rachel
33%
1959 The Diary of Anne Frank
33%
1949 The Heiress
33%
1928 7th Heaven
32%
1978 An Unmarried Woman
32%
1981 Atlantic City
32%
1964 Becket
32%
1965 Darling
32%
1939 Goodbye, Mr. Chips
32%
1940 Kitty Foyle
32%
1954 Seven Brides for Seven Brothers
32%
1938 The Adventures of Robin Hood
32%
1983 The Big Chill
32%
1947 The Bishop's Wife
32%
1954 The Country Girl
32%
1972 The Emigrants
32%
1961 The Guns of Navarone
32%
1929 The Patriot
32%
1977 The Turning Point
32%
1963 America America
31%
1945 Anchors Aweigh
31%
1969 Anne of the Thousand Days
31%
1936 A Tale of Two Cities
31%
1976 Bound for Glory
31%
1987 Hope and Glory
31%
1978 Midnight Express
31%
1984 Places in the Heart
31%
1959 Room at the Top
31%
1958 Separate Tables
31%
1972 Sounder
31%
1960 The Alamo
31%
1942 The Pride of the Yankees
30%
1983 The Right Stuff
30%
1935 A Midsummer Night's Dream
29%
1950 Born Yesterday
29%
1973 Cries and Whispers
29%
1935 David Copperfield
29%
1950 Father of the Bride
29%
1929 In Old Arizona
29%
1952 Ivanhoe
29%
1939 Love Affair
29%
1936 Mr. Deeds Goes to Town
29%
1939 Ninotchka
29%
1988 The Accidental Tourist
29%
1958 The Defiant Ones
29%
1962 The Longest Day
29%
1959 The Nun's Story
29%
1952 The Quiet Man
29%
1955 The Rose Tattoo
29%
1935 Top Hat
29%
1984 A Soldier's Story
28%
1973 A Touch of Class
28%
1938 Boys Town
28%
1937 Captains Courageous
28%
1948 Johnny Belinda
28%
1951 Quo Vadis
28%
1941 Sergeant York
28%
1930 The Divorcee
28%
1942 The Magnificent Ambersons
28%
1953 The Robe
28%
1946 The Yearling
28%
1933 42nd Street
27%
1955 Mister Roberts
27%
1957 Peyton Place
27%
1936 San Francisco
27%
1983 The Dresser
27%
1943 The Ox-Bow Incident
27%
1928 The Racket
27%
1954 Three Coins in the Fountain
27%
1943 Watch on the Rhine
27%
1933 A Farewell to Arms
26%
1940 All This, and Heaven Too
26%
1958 Auntie Mame
26%
1935 Broadway Melody of 1936
26%
1930 Disraeli
26%
1940 Foreign Correspondent
26%
1950 King Solomon's Mines
26%
1955 Love Is a Many-Splendored Thing
26%
1940 Our Town
26%
1934 The Gay Divorcee
26%
1966 The Sand Pebbles
26%
1943 The Song of Bernadette
26%
1936 The Story of Louis Pasteur
26%
1934 The Thin Man
26%
1942 49th Parallel
25%
1947 Crossfire
25%
1939 Dark Victory
25%
1937 In Old Chicago
25%
1943 Madame Curie
25%
1955 Picnic
25%
1965 Ship of Fools
25%
1931 Skippy
25%
1960 Sons and Lovers
25%
1935 The Informer
25%
1933 The Private Life of Henry VIII
25%
1946 The Razor's Edge
25%
1948 The Snake Pit
25%
1949 A Letter to Three Wives
24%
1965 A Thousand Clowns
24%
1949 Battleground
24%
1943 In Which We Serve
24%
1938 Pygmalion
24%
1932 Shanghai Express
24%
1941 The Little Foxes
24%
1960 The Sundowners
24%
1944 Wilson
24%
1929 Alibi
23%
1935 Alice Adams
23%
1935 Captain Blood
23%
1941 Here Comes Mr. Jordan
23%
1937 The Awful Truth
23%
1949 Twelve O'Clock High
23%
1951 Decision Before Dawn
22%
1931 East Lynne
22%
1938 Four Daughters
22%
1956 Friendly Persuasion
22%
1938 Grand Illusion
22%
1934 Imitation of Life
22%
1937 Lost Horizon
22%
1942 Random Harvest
22%
1932 The Champ
22%
1931 The Front Page
22%
1929 The Hollywood Revue
22%
1938 The Citadel
21%
1943 The Human Comedy
21%
1943 The More the Merrier
21%
1938 Alexander's Ragtime Band
20%
1932 Bad Girl
20%
1934 Here Comes the Navy
20%
1941 One Foot in Heaven
20%
1944 Since You Went Away
20%
1937 The Good Earth
20%
1940 The Long Voyage Home
20%
1930 The Love Parade
20%
1942 The Pied Piper
20%
1934 The White Parade
20%
1936 Three Smart Girls
20%
1934 Viva Villa!
20%
1936 Anthony Adverse
19%
1933 Lady for a Day
19%
1936 Libeled Lady
19%
1937 One Hundred Men and a Girl
19%
1934 The House of Rothschild
19%
1931 Trader Horn
19%
1941 Blossoms in the Dust
18%
1936 Dodsworth
18%
1942 Kings Row
18%
1935 Naughty Marietta
18%
1937 Stage Door
18%
1938 Test Pilot
18%
1930 The Big House
18%
1932 The Smiling Lieutenant
18%
1942 Wake Island
18%
1932 Arrowsmith
17%
1937 Dead End
17%
1932 One Hour with You
17%
1933 I Am a Fugitive from a Chain Gang
16%
1934 One Night of Love
16%
1933 She Done Him Wrong
16%
1935 The Lives of a Bengal Lancer
16%
1934 Flirtation Walk
15%
1941 Hold Back the Dawn
15%
1933 Smilin' Through
15%
1933 State Fair
15%
1942 The Talk of the Town
15%
1932 Five Star Final
14%
1935 Ruggles of Red Gap
14%
1934 The Barretts of Wimpole Street
14%
No matching quizzes found
Score Distribution
Percent of People with Each Score
Percentile by Number Answered
Your Score History
You have not taken this quiz since the last reset